| 000 | 01108nam a2200289 i 4500 | ||
|---|---|---|---|
| 003 | DO-SdBNP | ||
| 005 | 20260317074003.0 | ||
| 007 | ta | ||
| 008 | 220728b2014 |||ac||| |||| 001 0dSPA d | ||
| 040 |
_aDO-SdBNP _bspa _cBNPHU _erda |
||
| 041 | _aspa | ||
| 082 | 4 |
_a338.61 _bC969h _222 |
|
| 111 | 2 |
_aCumbre empresarial _n(2.da: _cSanto Domingo, Rep. Dom.) _dEnero 2014 : _982125 |
|
| 245 | 1 | 0 |
_aHacia una reforma laboral que promueva el empleo formal / _b _cConsejo Nacional de la Empresa Privada (CONEP) |
| 250 | _asegunda edición | ||
| 264 | 1 |
_aSanto Domingo : _bCONEP, _c2014. |
|
| 300 |
_a103 páginas : _bilustraciones, retratos, gráficos ; _c27 cm. |
||
| 336 |
_atexto _btxto _2rdacontent |
||
| 337 |
_asin mediación _bn _2rdamedia |
||
| 338 |
_avolumen _bnc _2rdacarrier |
||
| 500 | _aCumbre Empresarial, enero 2014 Santo Domingo, Rep. Dom. | ||
| 590 | _ainventariado, 2022 / SA | ||
| 650 | 4 |
_aEmpresas privadas _982120 |
|
| 650 | 7 |
_aMercado de trabajo _zRepública Dominicana _2LIBRUNAM _919058 |
|
| 710 | 2 |
_aConsejo Nacional de la Empresa Privada (República Dominicana) _985000 |
|
| 942 |
_2ddc _cLBS1 |
||
| 999 |
_c52245 _d52245 |
||